000 00677nam a22002057a 4500
005 20240530110535.0
008 160329s2013 ua 000 f eng d
017 _a2012/19591
_bمصر . دار الكتب المصرية
020 _a9789774280337
040 _aEG-CaGPL
082 0 4 _221
_a813.03\
_bم ج
100 0 _aمصطفى سليمان .
245 1 0 _aجرافيتى /
_cمصطفى سليمان .
250 _aط1.
260 _aالقاهرة :
_bمصر العربية للنشر و التوزيع ،
_c2013 .
300 _a191 ص ؛
_c20 سم .
650 0 4 _aالقصص العربية .
942 _2ddc
_cBK
999 _c62169
_d62169